00465cam a22001337a 4500008004000000082001800040100003600058245008000094260005400174300001100228500002300239700004400262700002500306180718b1965 xxu||||| |||| 00| 0 eng d aZ23606x54 In2 aIndia. Sugar Enquiry Commission aReport of the Sugar Enquiry Commissioncby Ministry of Food and Agriculture aNew DelhibMinistry of Food and Agriculturec1965 a278+p. aChairman: S.R. Sen aIndia. Ministry of Food and Agriculture aSen, S.R. (Chairman)